000 01393cam a2200205 4500
001 WB4001-27
008 031223n2003 000 0 eng u
035 _a(Sirsi) u124687
245 _aOutline planning permission retained
260 _c2003
490 _aRICS News Service
_v(pr126) 16 December 2003 (1)
520 _aThe Minister for housing and planning has confirmed in a written Commons statement that outline planning permission will be retained until statements of development principles have been shown to be an effective alternative. The take up and success of these statements will be reviewed two years after they come into effect and a further decision on removing outline planning permission will be made then. The provision that abolishes outline planning permission will be removed from the Planning and Compulsory Purchase Bill. The written statement is available at http://www.publications.parliament.uk/pa/cm200304/cmhansrd/cm031215/wmstext/31215m01.htm#31215m01.html_spmin0 http://www.rics.org/ricscms/bin/show?class=PressRelease&template=/includes/showpr.html&id=1094&faculty=RICS
590 _aWB
650 _aOUTLINE PLANNING PERMISSION
650 _aSTATEMENTS OF DEVELOPMENT PRINCIPLES
650 _aPLANNING AND COMPULSORY PURCHASE ACT 2004
650 _aDEVELOPERS
690 _aENVIRONMENTAL AND LAND CONSULTANCY-PLANNING AND DEVELOPMENT
942 _n0
999 _c73999
_d73999